Claves narrativas de Juan Rulfo

Gardado en:
Detalles Bibliográficos
Autor Principal: González Boixo, José C (Author)
Formato: Libro
Idioma:Lingua castelá
Publicado: Ciudad de México Colegio Universitario de León 1980
Series:Unidad de Investigación. Publicaciones, 16
Subjects:
Tags: Engadir etiqueta
Sen Etiquetas, Sexa o primeiro en etiquetar este rexistro!

MARC

LEADER 00000nam a2200000 a 4500
001 UCT6486
003 CL-VaPUC
008 970113e19800000MX |||||||||||||||||spa|d
082 0 4 |a Me863.09  |b GON  |2 21 
100 0 |a González Boixo, José C  |e author  |9 376685 
245 1 0 |a Claves narrativas de Juan Rulfo 
300 |a 334 p 
942 |c BK 
945 |d 19970113 00:00:00  |a nastorga 
260 |a Ciudad de México  |b Colegio Universitario de León  |c 1980 
600 0 7 |a RULFO, JUAN  |2 CL-VaPUC  |9 318391 
650 0 |a Crítica e interpretación   |9 255042 
650 0 |a Literatura mexicana  |9 313097 
650 0 |a Narrativa  |9 336727 
650 7 |a MONOLOGO  |2 CL-VaPUC  |9 376686 
650 0 |a Morfología  |9 334440 
650 0 |a Ficción   |9 376687 
650 0 |a Lenguaje   |9 265069 
583 |a last modification  |c 19970113 00:00:00  |k Rodrigo Vera 
490 0 |a Unidad de Investigación. Publicaciones, 16 
999 |c 255184  |d 255182 
952 |0 0  |1 0  |4 0  |6 ME_863_090000000000000_GON_1980  |7 0  |8 A  |9 277311  |a BIBEDU  |b BIBEDU  |d 2019-11-19  |i 3266885  |o Me863.09 GON 1980  |p 3266885  |r 2019-11-19  |w 2019-11-19  |y BK  |k LIT